| 000 | 00537pab a2200205 454500 | ||
|---|---|---|---|
| 008 | 180718b2015 xxu||||| |||| 00| 0 eng d | ||
| 100 | _aWilson, George | ||
| 245 | _aRacial income inequality and public sector privatization | ||
| 260 | _c2015 | ||
| 300 | _ap.163-185. | ||
| 362 | _aMay | ||
| 650 | _aPrivatization | ||
| 650 | _aPublic sector | ||
| 650 | _aIncome distribution | ||
| 650 | _aRacial discrimination | ||
| 700 | _aHuffman, Matt | ||
| 700 | _aRoscigno, Vincent J. | ||
| 773 | _aSocial Problems | ||
| 909 | _a108924 | ||
| 999 |
_c108919 _d108919 |
||